000 00815nam a2200253Ia 4500
003 OSt
005 20220927103225.0
006 a|||||r|||| 00| 0
007 ta
008 220926b |||||||| |||| 00| 0 eng d
024 _a96392
037 _cReference Collections
040 _aRTL
_cRTL
_beng
041 _2eng
_aeng
082 _a"X9(F182):271.1.N7, J5/UN"
110 _aUnited Nations Economic and Social Affairs (Deptt of-)
245 0 _aSurvey of world iron ore resources
260 _aNew
_bYork United Nations USA
_c1955
300 _a345p.
_ccm.
650 _aIron and Steel Industry
_9355744
700 _aUnited Nations Economic and Social Affairs (Deptt of-)
942 _h"X9(F182):271.1.N7, J5/UN"
_cCC
999 _c682139
_d682139